Διεθνής διακυβέρνηση της εκπαίδευσης: όραμα και πραγματικότητα ; ιστορικοσυγκριτική προσέγγιση
Αποθηκεύτηκε σε:
| Κύριος συγγραφέας: | |
|---|---|
| Μορφή: | Βιβλίο |
| Γλώσσα: | Greek |
| Δημοσίευση: |
Αθήνα :
Gutenberg,
c2017.
|
| Θέματα: | |
| Ετικέτες: |
Προσθήκη ετικέτας
Δεν υπάρχουν, Καταχωρήστε ετικέτα πρώτοι!
|
MARC
| LEADER | 00000cam a2200000 a 4500 | ||
|---|---|---|---|
| 001 | 1/122623 | ||
| 008 | 210203s2017####gr | ||| |||| ||gre|| | ||
| 020 | |a 9789600118056 | ||
| 040 | |a GR-MyUa |b gre |c GR-MyUa |e AACR2 | ||
| 041 | 0 | |a gre | |
| 082 | 7 | |a 379 |2 (23) | |
| 100 | 1 | |a Βρυνιώτη, Καλλιόπη Π. | |
| 245 | 1 | 0 | |a Διεθνής διακυβέρνηση της εκπαίδευσης: |b όραμα και πραγματικότητα ; ιστορικοσυγκριτική προσέγγιση / |c Καλλιόπη Π. Βρυνιώτη. |
| 260 | |a Αθήνα : |b Gutenberg, |c c2017. | ||
| 300 | |a 242 σ. ; |c 21 εκ. | ||
| 504 | |a Βιβλιογραφία : σ. [209]-242. | ||
| 650 | 0 | |a Education and state. | |
| 650 | 0 | |a Education |x Political aspects. | |
| 650 | 0 | |a School management and organization. | |
| 852 | |a INST |b RHODES |c EUDOXUS |e 20210203 |h 379 ΒΡΥ |p 005400041914 |q 005400041914 |t EDX |y 0 | ||
| 920 | |a Εύδοξος |b Παραγγελία |y Ρόδος-ΠΤΔΕ |z 2021-01 | ||
| 970 | |z 03-02-2021 | ||